Представление документа в формате MARC21

ПолеНазваниеЗначение
  Тип записи a
  Библиографический уровень m
001 Контрольный номер RU\infra-m\znanium\bibl\2221554
005 Дата корректировки 20260429142157.7
008 Кодируемые данные 260306s2026 RU g rus u
020 Индекс ISBN __
a ISBN 978-5-00156-190-3
020 Индекс ISBN __
a ISBN 978-5-16-109649-9 (электр. издание)
020 Индекс ISBN __
a ISBN 978-5-16-017089-3 (ISBN соиздателя)
040 Источник каталогиз. __
a Служба первич. каталог. Общество с ограниченной ответственностью «ЗНАНИУМ»
041 Код языка издания __
a Код языка текста rus
044 Код страны публикации __
a Код страны публикации RU
080 Индекс УДК __
a Индекс УДК 343.1
084 Индекс другой классификации/Индекс ББК __
2 Источник индекса rubbk
a Индекс другой классификации/Индекс ББК 67.411
084 Индекс другой классификации/Индекс ББК __
2 Источник индекса okso
a Индекс другой классификации/Индекс ББК 38.05.02
084 Индекс другой классификации/Индекс ББК __
2 Источник индекса okso
a Индекс другой классификации/Индекс ББК 40.02.04
084 Индекс другой классификации/Индекс ББК __
2 Источник индекса okso
a Индекс другой классификации/Индекс ББК 40.03.01
084 Индекс другой классификации/Индекс ББК __
2 Источник индекса okso
a Индекс другой классификации/Индекс ББК 40.04.01
084 Индекс другой классификации/Индекс ББК __
2 Источник индекса okso
a Индекс другой классификации/Индекс ББК 40.05.01
084 Индекс другой классификации/Индекс ББК __
2 Источник индекса okso
a Индекс другой классификации/Индекс ББК 40.05.02
100 Автор __
a Автор Прошляков А. Д.
q Полное имя Прошляков Алексей Дмитриевич
u Дополнение Уральский государственный юридический университет имени В.Ф. Яковлева
245 Заглавие __
a Заглавие Уголовный процесс
b Продолж. заглавия Учебник
c Ответственность Уральский государственный юридический университет имени В.Ф. Яковлева
250 Сведения об издании __
a Основные сведения об издании 1
260 Выходные данные __
a Место издания Москва
b Издательство ООО "Юридическое издательство Норма"
c Дата издания 2026
300 Физическое описание __
a Объем 888 с.
520 Аннотация __
a Аннотация Учебник подготовлен авторским коллективом кафедры уголовного процесса Уральского государственного юридического университета в соответствии с разработанной им программой курса «Уголовный процесс» которая полностью соответствует Государственному стандарту высшего юридического образования (бакалавриат специалитет магистратура аспирантура). В нем учтены и использованы все изменения внесенные в уголовно-процессуальный закон судебная практика а также широкий круг научных и практических работ отечественных и зарубежных ученых-процессуалистов. Учебник снабжен глоссарием и иллюстрирован схемами по основным темам курса. Для студентов аспирантов и преподавателей юридических вузов и факультетов а также практикующих юристов сотрудников правоохранительных органов научных работников.
521 Примеч. о цел. назн. __
a Примеч. о целев. назн. Профессиональное образование
650 Тематические рубрики __
a Основная рубрика Право. Юридические науки
x Основная подрубрика Уголовно-процессуальное право
655 Указ. предметных рубрик (устаревшее) __
a Жанр/ форма (устаревшее) Учебник
856 Электронный адрес документа 4_
a Имя сервера/домена znanium.ru
m Помощь ebs_support@infra-m.ru
n Местонахождение сервера НИЦ ИНФРА-М
u URL https://znanium.ru/catalog/document?id=477061
856 Электронный адрес документа 48
a Имя сервера/домена znanium.ru
d Путь /cover/2221
f Электронное имя 2221554.jpg
q Тип электронного формата image/jpeg
u URL https://znanium.ru/cover/2221/2221554.jpg
911 __
u 0030=https://znanium.ru/catalog/document?id=477061